000 00662nam a2200169Ia 4500
008 151213s9999 xx 000 0 und d
020 _a9844101085
100 _aবডু. এুহাম্মদ শহীদুল্লাহ
245 _aবাংলা ভাষার ইতিব্রত্ত
_cবডু. এুহাম্মদ শহীদুল্লাহ
250 _a১ম সং
260 _aঢাকা
_bমাওলা ব্রাদার্স
_c1998
300 _a8340 p.
650 _aBangla
650 _aইতিবৃত্ত
700 _aবডু. এুহাম্মদ শহীদুল্লাহ
999 _c4181
_d4181